000 00290nam a22001337a 4500
020 _a81-87159-26-X
082 _a827
_bVAS/G
100 _aVAS, PIYA MARIA
245 _aGHOST JOKES FOR KIDS
260 _aDELHI
_bBLOSSOM BOOKS
_c2002
300 _a120
650 _aJOKES
_zINDIA
942 _cBK
999 _c5722
_d5722